📖150 premiers mots "La Petite Marchande d'Allumettes" C.Pinkola EstĂ©s - Statistiques

Statistiques générales
  • Ce quiz a Ă©tĂ© pris 6 fois
  • Le rĂ©sultat moyen est 92 sur 150
Statistiques - réponses
Mots % Correct
À
100%
allumettes
100%
allumettes,
100%
allumettes.
100%
d'
100%
Elle
100%
elle
100%
et
100%
Il
100%
par
100%
penny
100%
penny.
100%
acheter
75%
au
75%
avait
75%
bout
75%
dans
75%
de
75%
des
75%
étaient
75%
était
75%
fille
75%
froid
75%
L'
75%
la
75%
Le
75%
le
75%
les
75%
Mais
75%
mĂšre
75%
n'
75%
ne
75%
nez.
75%
ni
75%
on
75%
pas
75%
pĂšre
75%
petite
75%
pieds
75%
plus
75%
pour
75%
qu'
75%
qui
75%
s'
75%
se
75%
Ses
75%
ses
75%
Si
75%
si
75%
son
75%
un
75%
une
75%
vendait
75%
vivait
75%
y
75%
achetait
50%
allait
50%
aux
50%
chaussures
50%
comme
50%
demi-
50%
doigts
50%
ils
50%
lui
50%
manteau
50%
pain,
50%
pouvait
50%
rue
50%
tout
50%
travers.
50%
trouvait
50%
voir
50%
voulaient
50%
arbres,
25%
demandant
25%
forĂȘt.
25%
forĂȘt
25%
habits
25%
mĂȘme
25%
passaient
25%
revendre
25%
rues,
25%
sombre
25%
suffisamment
25%
arrĂȘtait,
0%
arriva.
0%
blancs,
0%
bleus,
0%
croûte
0%
endormait
0%
étrangers
0%
extrĂȘme.
0%
grabat
0%
habillée
0%
hiver
0%
lisiĂšre
0%
mince
0%
nul
0%
possédait.
0%
prĂȘtait ...
0%
regagnait
0%
seuls
0%
village.
0%
Aucun quiz correspondant
Distribution des résultats
% des personnes avec chaque résultat
Percentile par nombre de réponses
Votre historique - résultats
Vous n’avez pas pris ce quiz